|
|
|
|
| LEADER |
00825nab a2200193 i 4500 |
| 001 |
misc44111 |
| 005 |
20191106141151.0 |
| 008 |
180918s1994 hu o 0|| zxx d |
| 022 |
|
|
|a 1215-5233
|
| 040 |
|
|
|a SZTE Miscellanea Repozitórium
|b hun
|
| 041 |
|
|
|a zxx
|
| 100 |
1 |
|
|a Máthé Dénes
|
| 245 |
1 |
0 |
|a Magyar nyelvtan társas-lélektani alapon
|h [elektronikus dokumentum] /
|c Máthé Dénes
|
| 260 |
|
|
|c 1994
|
| 300 |
|
|
|a 86-89
|
| 490 |
0 |
|
|a Iskolakultúra
|v 4 No. 6
|
| 695 |
|
|
|a Magyar nyelvtan - könyvismertetés, Kommunikáció - könyvismertetés, Nyelvfilozófia - könyvismertetés, Pedagógia - könyvismertetés, Neveléslélektan - könyvismertetés, Iskolai nevelés - könyvismertetés
|
| 700 |
0 |
1 |
|a Karácsony Sándor
|
| 856 |
4 |
0 |
|u http://misc.bibl.u-szeged.hu/44111/1/iskolakultura_1994_006_086-089.pdf
|z Dokumentum-elérés
|